000 00423nam a2200157Ia 4500
008 210716s1993 xx 000 0 und d
020 _a74600885
041 _aeng
082 _a005.42 DHAD
100 _aDhamdhere, D M.
245 _aSystems programming and operating systems.
250 _a1
260 _aNew Delhi
_bTata McGraw Hill Publishing Company Ltd
_c1993
300 _axii,541
650 _aOperating Systems
999 _c182670
_d182670